Mzdová diskriminácia v pracovnom pomere
Právo na rovnaké zaobchádzanie v oblasti pracovnoprávnych vzťahov. Zásady rovnakého zaobchádzania v súlade s antidiskriminačným zákonom. Priama a nepriama diskriminácia. Právo na mzdu patrí k základným právam zamestnancov a mzdová diskriminácia je osobitnou formou diskriminácie. Rovnaká práca a rovn...
Uložené v:
| Hlavný autor: | |
|---|---|
| Médium: | Kapitola |
| Jazyk: | Slovak |
| Predmet: | |
| Tagy: |
Žiadne tagy, Buďte prvý, kto otaguje tento záznam!
|
MARC
| LEADER | 00000naa a2200000 4500 | ||
|---|---|---|---|
| 001 | 0264313 | ||
| 005 | 20200618122208.7 | ||
| 041 | 0 | |a slo | |
| 044 | |a SK | ||
| 245 | 1 | 0 | |a Mzdová diskriminácia v pracovnom pomere |c Sandra Tomiová |
| 520 | |a Právo na rovnaké zaobchádzanie v oblasti pracovnoprávnych vzťahov. Zásady rovnakého zaobchádzania v súlade s antidiskriminačným zákonom. Priama a nepriama diskriminácia. Právo na mzdu patrí k základným právam zamestnancov a mzdová diskriminácia je osobitnou formou diskriminácie. Rovnaká práca a rovnaká hodnota. Zásada rovnakého zaobchádzania so zamestnancami v oblasti odmeňovania a konanie vo veciach súvisiacich s porušením tejto zásady. | ||
| 610 | 2 | 0 | |a diskriminácia |
| 610 | 2 | 0 | |a diskriminácia pracovná |
| 610 | 2 | 0 | |a vzťahy pracovnoprávne |
| 610 | 2 | 0 | |a pomer pracovný |
| 610 | 2 | 0 | |a práva pracovníkov |
| 610 | 2 | 0 | |a mzdy |
| 610 | 2 | 0 | |a odmeňovanie |
| 610 | 2 | 0 | |a zamestnanci |
| 610 | 2 | 0 | |a zamestnávatelia |
| 610 | 2 | 0 | |a ochrana právna |
| 610 | 2 | 0 | |a zákony |
| 100 | 1 | |a Tomiová, Sandra | |